<?xml version="1.0" encoding="UTF-8"?><?xml-stylesheet type="text/xsl" href="static/style.xsl"?><OAI-PMH xmlns="http://www.openarchives.org/OAI/2.0/" xmlns:xsi="http://www.w3.org/2001/XMLSchema-instance" xsi:schemaLocation="http://www.openarchives.org/OAI/2.0/ http://www.openarchives.org/OAI/2.0/OAI-PMH.xsd"><responseDate>2026-06-03T05:27:56Z</responseDate><request verb="GetRecord" identifier="oai:riuma.uma.es:10630/25289" metadataPrefix="marc">https://riuma.uma.es/rest/oai/request</request><GetRecord><record><header><identifier>oai:riuma.uma.es:10630/25289</identifier><datestamp>2026-02-03T11:56:56Z</datestamp><setSpec>com_10630_2254</setSpec><setSpec>col_10630_37959</setSpec></header><metadata><record xmlns="http://www.loc.gov/MARC21/slim" xmlns:dcterms="http://purl.org/dc/terms/" xmlns:doc="http://www.lyncode.com/xoai" xmlns:xsi="http://www.w3.org/2001/XMLSchema-instance" xsi:schemaLocation="http://www.loc.gov/MARC21/slim http://www.loc.gov/standards/marcxml/schema/MARC21slim.xsd">
   <leader>00925njm 22002777a 4500</leader>
   <datafield ind2=" " ind1=" " tag="042">
      <subfield code="a">dc</subfield>
   </datafield>
   <datafield ind2=" " ind1=" " tag="720">
      <subfield code="a">Salgado Cacho, José María</subfield>
      <subfield code="e">author</subfield>
   </datafield>
   <datafield ind2=" " ind1=" " tag="720">
      <subfield code="a">Moreno-Jiménez, María del Pilar</subfield>
      <subfield code="e">author</subfield>
   </datafield>
   <datafield ind2=" " ind1=" " tag="720">
      <subfield code="a">Ríos-Rodríguez, María Luisa</subfield>
      <subfield code="e">author</subfield>
   </datafield>
   <datafield ind2=" " ind1=" " tag="260">
      <subfield code="c">2022</subfield>
   </datafield>
   <datafield ind2=" " ind1=" " tag="520">
      <subfield code="a">La empleabilidad de una persona se compone de elementos objetivos -formación o experiencia principalmente-, aunque también es una cuestión percibida, que se refleja en la confianza en las propias capacidades para mantenerse en el mercado laboral. En este sentido, Brentson y Marklund (2007) comprobaron que una mayor percepción de empleabilidad tiende a asociarse a mejor salud y bienestar autoinformados, concluyendo que la empleabilidad percibida es una variable de utilidad para la promoción de la salud individual y organizacional. &#xd;
Método: Se diseña un nuevo modelo de itinerario de inserción sociolaboral que integra de manera transversal un estilo de vida saludable para aportar valor a las personas en riesgo de exclusión y mejorar su empleabilidad. Para facilitar el cambio de hábitos, la metodología de docencia se basa en estrategias de entrevista motivacional. Se tienen tres grupos control en Málaga, Sevilla y Madrid donde se imparte el programa VIVES EMPLEA y tres grupos experimentales en las mismas ciudades donde se imparte el programa VIVES EMPLEA SALUDABLE, con una población de estudio total de 75 participantes en cada modalidad del programa.  &#xd;
Resultados: Se encuentran diferencias significativas en las mediciones pre-post de las personas que participan en el grupo experimental en la salud percibida; actividad física reportada; satisfacción vital; tipo de dieta mantenida; grado de bienestar y capacidad funcional; mejora de síntomas somáticos, ansiedad, disfunción social y depresión. En el grupo control se encontraron únicamente diferencias significativas de mejora en la disfunción social.</subfield>
   </datafield>
   <datafield ind1="8" ind2=" " tag="024">
      <subfield code="a">https://hdl.handle.net/10630/25289</subfield>
   </datafield>
   <datafield tag="653" ind2=" " ind1=" ">
      <subfield code="a">Empleo - Análisis</subfield>
   </datafield>
   <datafield tag="653" ind2=" " ind1=" ">
      <subfield code="a">Hábitos sanitarios</subfield>
   </datafield>
   <datafield ind2="0" ind1="0" tag="245">
      <subfield code="a">Impacto de los hábitos saludables en la empleabilidad: Comparación de resultados de un programa de Inserción Sociolaboral</subfield>
   </datafield>
</record>
</metadata></record></GetRecord></OAI-PMH>